00783nam a2200217 i 4500001000400000100002900004245009100033260005500124300002100179650003400200700003300234020002900267040000800296041001400304920003200318942000700350008004100357999001700398856009800415952005200513bgj1 aSOLZHENITSYN, Alexander.10aAugust 1914 [nineteen fourteen] /cAlexander Solzhenitsyn ; transl. by Michael Glenny. aNew York :bFarrar, Straus and Giroux,ccop. 1972. a622 pp ;c25 cm. 9aRussian fictiony20th century1 aGLENNY, Michael.etranslator a0374106843 (hbk, jacket) cBPK1 aenghruru a0-374-10684-3 (hbk, jacket) cKS s uk f |000 0 eng  c48061d48061 uhttp://koha.tu.koszalin.pl/cgi-bin/koha/opac-detail.pl?biblionumber=48061yKatalog online BPK 00104070aBPKbBPKckwoKA 5034p09086319yKS